Bài tập cơ học (Có hướng dẫn và giải mẫu)
Nội dung tài liệu giới thiệu các bài tập tương ứng cuốn lý thuyết Cơ học T1 được trình bày: cơ sở lý thuyết, hướng dẫn áp dụng và các bài giải mẫu, các bài tập chọn lọc.
Spremljeno u:
| Glavni autor: | |
|---|---|
| Format: | Knjiga |
| Jezik: | Undetermined |
| Izdano: |
Hà Nội
Giáo Dục
1997
|
| Teme: | |
| Oznake: |
Dodaj oznaku
Bez oznaka, Budi prvi tko označuje ovaj zapis!
|
| Thư viện lưu trữ: | Trung tâm Học liệu Trường Đại học Cần Thơ |
|---|
| LEADER | 00977nam a2200229Ia 4500 | ||
|---|---|---|---|
| 001 | CTU_31155 | ||
| 008 | 210402s9999 xx 000 0 und d | ||
| 020 | |c 15000 | ||
| 082 | |a 531.1076 | ||
| 082 | |b S107/T.1 | ||
| 100 | |a Đỗ, Sanh | ||
| 245 | 0 | |a Bài tập cơ học | |
| 245 | 0 | |b (Có hướng dẫn và giải mẫu) | |
| 245 | 0 | |c Đỗ Sanh, Nguyễn Nhật Lệ, Nguyễn Văn Đình | |
| 260 | |a Hà Nội | ||
| 260 | |b Giáo Dục | ||
| 260 | |c 1997 | ||
| 520 | |a Nội dung tài liệu giới thiệu các bài tập tương ứng cuốn lý thuyết Cơ học T1 được trình bày: cơ sở lý thuyết, hướng dẫn áp dụng và các bài giải mẫu, các bài tập chọn lọc. | ||
| 650 | |a Dynamics,Mechanics | ||
| 650 | |x Problems, exercises, etc,Problems, exercises, etc | ||
| 904 | |i Duy Bằng | ||
| 980 | |a Trung tâm Học liệu Trường Đại học Cần Thơ | ||